| 000 | 01232nam a22003497a 4500 | ||
|---|---|---|---|
| 003 | CHAP | ||
| 005 | 20250903062747.0 | ||
| 008 | 971013s1982 r 00010 d | ||
| 010 | _a71620 | ||
| 011 | _a72592 | ||
| 035 | _a82148 | ||
| 040 | _cCHAP | ||
| 090 | _aTesis | ||
| 100 | 0 | 0 |
_aAguilar Marcos, Andres. _92753 |
| 245 | _aEvaluación de las cenizas insolubles en ácido como un marcador natural para determinar la digestibilidad de la materia seca en rumiantes | ||
| 260 |
_aMéxico, D.F. : _bEl autor, _c1982 |
||
| 300 | _a132 h. | ||
| 502 | _aTesis (Médico Veterinario Zootecnista) -- UNAM. Fac. de Medicina Veterinaria y Zootecnia | ||
| 590 |
_aALEPH _b10 _c20130110 _lUCH01 _h1412 |
||
| 590 |
_aBATCH-UPD _b10 _c20130110 _lUCH01 _h0527 |
||
| 590 |
_aBATCH-UPD _b10 _c20130110 _lUCH01 _h2345 |
||
| 590 |
_aBATCH-UPD _b10 _c20130410 _lUCH01 _h0206 |
||
| 590 |
_aBATCH-UPD _b10 _c20130410 _lUCH01 _h1633 |
||
| 590 |
_aBATCH-UPD _b10 _c20130914 _lUCH01 _h0908 |
||
| 590 |
_aCONVERSION _b10 _c20130109 _lUCH01 _h1339 |
||
| 650 | 1 | 4 |
_aCenizas. _920979 |
| 650 | 1 | 7 |
_aForrajes _xDigestibilidad _2 _942568 |
| 650 | 1 | 4 |
_aGanado lanar _xAlimentación. _945153 |
| 901 | _aBK | ||
| 942 | _cTESIS | ||
| 949 |
_bBC _cTES _d-36027 _eTS1 _i82148 _si |
||
| 999 |
_c71620 _d71620 |
||